Co to za logo? (Fangea i inne kontynenty) - Statystyki

Ogólne statystyki
  • Ten quiz został rozwiązany 11 razy
  • Średni wynik to 16 z 24
Statystyki odpowiedzi
Obrazkowy Odpowiedź % Poprawnych
Cartland
100%
Kürzer
100%
Van Kirk
100%
Delta
88%
DOMA
88%
Millford
88%
Nuta Smaku
88%
PayWall
88%
Echo
75%
Krowie
75%
Bembiau
63%
Greenpay
63%
Sportsmaster
63%
Whisper
63%
Cube
50%
Cześnik
50%
Ergonbud
50%
Grandeur Attire
50%
Sức Sống Mới
50%
Ferk-Lerk
38%
Rohr.tv
38%
Sanding.tv
38%
Camburis Bank
25%
Luxray
25%
Nie znaleziono quizów pasujących do podanych kryteriów
Rozkład punktacji
Procent ludzi z każdym wynikiem
Percentyl według liczby udzielonych odpowiedzi
Twoja historia wyników
Nie rozwiązałeś tego quizu